000 00510nam a2200217Ia 4500
003 OSt
005 20230622100026.0
008 210423s2011 xx 000 0 und d
020 _a9788122430554
040 _cAL
041 _aeng
082 _a530.141 LAUB
_223
100 _aLAUD (B B).
_999303
245 _aElectromagnetics.
250 _a3
260 _aNew Delhi
_bNew Age International
_c2011
300 _axvi,344
_bPB
365 _b200
_cINR
906 _aElectromagnetics.
942 _2ddc
_cBK
999 _c162264
_d162264